Puedo cooperar! / (Record no. 14884)
[ view plain ]
| 000 -LEADER | |
|---|---|
| fixed length control field | 00669 a2200217 4500 |
| 003 - CONTROL NUMBER IDENTIFIER | |
| control field | sjds |
| 005 - DATE AND TIME OF LATEST TRANSACTION | |
| control field | 20240229214842.0 |
| 008 - FIXED-LENGTH DATA ELEMENTS--GENERAL INFORMATION | |
| fixed length control field | 240229b |||||||| |||| 00| 0 spa d |
| 020 ## - INTERNATIONAL STANDARD BOOK NUMBER | |
| International Standard Book Number | 9780545341851 (pbk.) |
| 020 ## - INTERNATIONAL STANDARD BOOK NUMBER | |
| International Standard Book Number | 054534185X (pbk.) |
| 040 ## - CATALOGING SOURCE | |
| Transcribing agency | sjds |
| 041 ## - LANGUAGE CODE | |
| Language code of text/sound track or separate title | spa |
| 100 10 - MAIN ENTRY--PERSONAL NAME | |
| Personal name | Parker, David |
| 245 ## - TITLE STATEMENT | |
| Title | Puedo cooperar! / |
| Statement of responsibility, etc. | David Parker ; ilustrado por Jill Dubin. |
| 260 ## - PUBLICATION, DISTRIBUTION, ETC. (IMPRINT) | |
| Place of publication, distribution, etc. | New York : |
| Name of publisher, distributor, etc. | Scholastic, |
| Date of publication, distribution, etc. | c2011. |
| 300 ## - PHYSICAL DESCRIPTION | |
| Extent | 1 volume (unpaged) : |
| Other physical details | color illustrations ; |
| Dimensions | 18 cm. |
| 440 ## - SERIES STATEMENT/ADDED ENTRY--TITLE | |
| Title | Best me I can be; Scholastic en espanol |
| 500 ## - GENERAL NOTE | |
| General note | Originally published in English as "I can cooperate!" |
| 700 ## - ADDED ENTRY--PERSONAL NAME | |
| Personal name | Dubin, Jill. |
| 942 ## - ADDED ENTRY ELEMENTS (KOHA) | |
| Koha item type | Libro/Book |
| Withdrawn status | Lost status | Damaged status | Not for loan | Home library | Current library | Date acquired | Inventory number | Total Checkouts | Full call number | Barcode | Date last seen | Price effective from | Koha item type |
|---|---|---|---|---|---|---|---|---|---|---|---|---|---|
| Azul y Blanco -- Satellite | Azul y Blanco -- Satellite | 10/05/2016 | inventory date: 30/1/25 | JC | 35200041 | 10/05/2016 | 10/05/2016 | Libro/Book | |||||
| Capulin -- Satellite | Capulin -- Satellite | 10/05/2016 | Inventory date: 7/7/25 | 35100014 | 10/05/2016 | 10/05/2016 | Libro/Book | ||||||
| Monte Cristo -- Satellite | Monte Cristo -- Satellite | 14/05/2019 | 40201822 | 14/05/2019 | 14/05/2019 | Libro/Book | |||||||
| Sevadilla -- Satellite | Sevadilla -- Satellite | 31/05/2016 | 35400083 | 31/05/2016 | 31/05/2016 | Libro/Book |